|
|
|
|
| LEADER |
00000nam0a2200000 4500 |
| 001 |
52946 |
| 005 |
20231101211409.0 |
| 035 |
|
|
|a (RuTPU)RU\TPU\book\55520
|
| 035 |
|
|
|a RU\TPU\book\55514
|
| 090 |
|
|
|a 52946
|
| 100 |
|
|
|a 20030609d1977 m y0rusy50 ca
|
| 101 |
0 |
|
|a rus
|
| 102 |
|
|
|a RU
|
| 105 |
|
|
|a y j 000zy
|
| 200 |
1 |
|
|a Основы философских знаний
|e учебное пособие для слушателей школ основ марксизма-ленинизма
|f В. Г. Афанасьев
|
| 205 |
|
|
|a 10-е изд., доп.
|
| 210 |
|
|
|a Москва
|c Мысль
|d 1977
|
| 215 |
|
|
|a 335 с.
|
| 606 |
|
|
|a Марксистско-ленинская философия
|2 stltpush
|3 (RuTPU)RU\TPU\subj\41052
|9 60871
|
| 610 |
1 |
|
|a философия
|
| 610 |
1 |
|
|a теория
|
| 610 |
1 |
|
|a история
|
| 610 |
1 |
|
|a бытие
|
| 610 |
1 |
|
|a материя
|
| 610 |
1 |
|
|a сознание
|
| 610 |
1 |
|
|a теория познания
|
| 610 |
1 |
|
|a социальная философия
|
| 610 |
1 |
|
|a общество
|
| 610 |
1 |
|
|a природа
|
| 610 |
1 |
|
|a личность
|
| 610 |
1 |
|
|a общественное самосознание
|
| 610 |
1 |
|
|a духовная культура
|
| 610 |
1 |
|
|a наука
|
| 610 |
1 |
|
|a мораль
|
| 610 |
1 |
|
|a религия
|
| 610 |
1 |
|
|a учебные пособия
|
| 686 |
|
|
|a Ю0я7
|v LBC/SL-A
|2 rubbk
|
| 700 |
|
1 |
|a Афанасьев
|b В. Г.
|g Виктор Григорьевич
|
| 801 |
|
1 |
|a RU
|b 63413507
|c 20030609
|g PSBO
|
| 801 |
|
2 |
|a RU
|b 63413507
|c 20191118
|g PSBO
|
| 942 |
|
|
|c BK
|